[Event "Titled Tue 27th May Early"]
[Site "chess.com INT"]
[Date "2025.05.27"]
[Round "6"]
[White "Otdelnov, Kirill"]
[Black "Pakleza, Zbigniew"]
[Result "0-1"]
[WhiteTitle "FM"]
[BlackTitle "GM"]
[WhiteElo "2273"]
[BlackElo "2484"]
[WhiteFideId "24280216"]
[BlackFideId "1119290"]
[EventDate "2025.05.27"]

1. e4 d6 2. d4 Nf6 3. Nc3 c6 4. Nf3 Bg4 5. Be2 e6 6. Be3 d5 7. e5 Nfd7 8. h3
Bxf3 9. Bxf3 c5 10. dxc5 Nc6 11. a3 Bxc5 12. Bxc5 Nxc5 13. Qe2 O-O 14. O-O-O
Qg5+ 15. Kb1 Qxe5 16. Qd2 Rac8 17. Rhe1 Qf6 18. h4 a6 19. h5 b5 20. Na2 h6 21.
Re3 Ne5 22. Be2 Ne4 23. Qc1 Qxf2 24. Rf1 Qh4 25. Rh3 Qg5 26. Re3 Nc4 27. Bxc4
Rxc4 28. Nb4 a5 29. Nd3 Rxc2 30. Qxc2 Qxe3 31. Ne5 Nd2+ 0-1

[Event "Titled Tue 27th May Early"]
[Site "chess.com INT"]
[Date "2025.05.27"]
[Round "6"]
[White "Yushko, Olga"]
[Black "Gavarrete, Nahun"]
[Result "1-0"]
[WhiteTitle "WFM"]
[BlackTitle "FM"]
[WhiteElo "2036"]
[BlackElo "2281"]
[WhiteFideId "14114500"]
[BlackFideId "8400709"]
[EventDate "2025.05.27"]

1. d4 d5 2. c4 e6 3. cxd5 exd5 4. Nc3 Nf6 5. Bg5 c6 6. e3 Nbd7 7. Bd3 Bd6 8.
Nge2 O-O 9. Bh4 b6 10. O-O Bb7 11. f3 Qc7 12. Bg3 Bxg3 13. Nxg3 c5 14. dxc5 Nxc5
15. Bf5 a6 16. Qd4 Rfe8 17. Rad1 Qe5 18. Qxe5 Rxe5 19. Kf2 Rae8 20. Rfe1 g6 21.
Bc2 Bc6 22. Nf1 b5 23. Rc1 Bb7 24. Ne2 R5e7 25. Bxg6 Nce4+ 26. fxe4 dxe4 27. Bf5
Re5 28. Bh3 Nd5 29. a3 f5 30. Nf4 Nxf4 31. exf4 R5e7 32. Bxf5 Rf8 33. g4 h5 34.
h3 hxg4 35. hxg4 Bd5 36. Ne3 Be6 37. Bxe6+ Rxe6 38. f5 Rh6 39. Rh1 Rhf6 40. g5
Kg7 41. gxf6+ Kxf6 42. Rh6+ Ke5 43. Kg3 Kd4 44. Kf4 Rg8 45. Rd6# 1-0

[Event "Titled Tue 27th May Early"]
[Site "chess.com INT"]
[Date "2025.05.27"]
[Round "6"]
[White "Krsnik Cohar, Ivan Vihor"]
[Black "Sheremetev, Vladislav"]
[Result "1-0"]
[WhiteTitle "FM"]
[BlackTitle "CM"]
[WhiteElo "2362"]
[BlackElo "2160"]
[WhiteFideId "14520044"]
[BlackFideId "54188300"]
[EventDate "2025.05.27"]

1. d4 Nf6 2. Bf4 e6 3. c3 c5 4. e3 Nc6 5. Nd2 d5 6. Bd3 Bd6 7. Bg3 O-O 8. Ngf3
Qe7 9. Qe2 e5 10. dxe5 Nxe5 11. Nxe5 Bxe5 12. Nf3 Bc7 13. Qc2 h6 14. Bf5 Rd8 15.
O-O Bxf5 16. Qxf5 Bxg3 17. hxg3 Qe4 18. Nh4 Qxf5 19. Nxf5 Kf8 20. Rad1 a5 21. f3
Re8 22. Kf2 g6 23. Nd6 Re7 24. a4 Ra6 25. Nb5 Rae6 26. Rfe1 Kg7 27. Rd3 h5 28.
Re2 g5 29. b3 Kg6 30. b4 b6 31. bxc5 bxc5 32. Rd1 Re5 33. Rdd2 Rf5 34. Nd6 Ng4+
35. Ke1 Rf6 36. Nc8 Rc7 37. fxg4 Rxc8 38. gxh5+ Kxh5 39. Rxd5 Kg4 40. Rf2 Re6
41. Ke2 Re4 42. Rff5 Ree8 43. Rxg5# 1-0

[Event "Titled Tue 27th May Early"]
[Site "chess.com INT"]
[Date "2025.05.27"]
[Round "6"]
[White "Shahinyan, Vladimir"]
[Black "Chen, Yidong"]
[Result "0-1"]
[WhiteTitle "CM"]
[WhiteElo "2202"]
[BlackElo "2038"]
[WhiteFideId "13314599"]
[BlackFideId "8607028"]
[EventDate "2025.05.27"]

1. e4 c5 2. Nf3 d6 3. d4 cxd4 4. Nxd4 Nf6 5. Nc3 a6 6. Be3 e5 7. Nb3 Be6 8. f3
h5 9. Qd2 Nbd7 10. O-O-O Be7 11. h3 Rc8 12. f4 Qc7 13. f5 Bc4 14. Kb1 b5 15.
Bxc4 Qxc4 16. Na5 Qc7 17. Nd5 Nxd5 18. exd5 Nf6 19. g4 Nxd5 20. Qxd5 Qxa5 21. g5
Qc7 22. g6 O-O 23. gxf7+ Rxf7 24. Rd2 Qc6 25. Rf1 Qxd5 26. Rxd5 Rc4 27. b3 Re4
28. Rf3 g6 29. Rg3 Rxf5 30. Rxg6+ Kf7 31. Rg3 h4 32. Rg4 Rxe3 33. a4 Rxh3 34.
axb5 axb5 35. Rxb5 Rg3 36. Re4 h3 37. Rb8 h2 38. Rh8 Rg1+ 39. Kb2 h1=Q 0-1

[Event "Titled Tue 27th May Early"]
[Site "chess.com INT"]
[Date "2025.05.27"]
[Round "6"]
[White "Toroptseva, Yevheniia"]
[Black "Lacasa Diaz, Josep Anton"]
[Result "0-1"]
[WhiteTitle "WFM"]
[BlackTitle "IM"]
[WhiteElo "2064"]
[BlackElo "2304"]
[WhiteFideId "34109374"]
[BlackFideId "2203375"]
[EventDate "2025.05.27"]

1. g3 d5 2. Bg2 Nf6 3. Nf3 c5 4. O-O e6 5. b3 Be7 6. Bb2 Nc6 7. d3 b6 8. Nbd2
Bb7 9. e4 Qc7 10. Re1 O-O-O 11. exd5 exd5 12. Ne5 Bd6 13. f4 h5 14. Ndf3 d4 15.
Nc4 h4 16. a4 hxg3 17. hxg3 Kb8 18. Qd2 Ng4 19. Ng5 Rh2 20. Qe2 Na5 21. Qxg4
Rxg2+ 22. Kf1 Nxc4 23. bxc4 Rxc2 24. Rab1 Rh8 25. Nh3 Qc6 26. Nf2 Rh1+ 27. Nxh1
Qg2# 0-1

[Event "Titled Tue 27th May Early"]
[Site "chess.com INT"]
[Date "2025.05.27"]
[Round "6"]
[White "Bahmani, Koorosh"]
[Black "Barp, Alberto"]
[Result "1-0"]
[WhiteTitle "CM"]
[BlackTitle "IM"]
[WhiteElo "2208"]
[BlackElo "2414"]
[WhiteFideId "42576750"]
[BlackFideId "872555"]
[EventDate "2025.05.27"]

1. Nf3 c5 2. g3 Nc6 3. d4 cxd4 4. Nxd4 g6 5. Bg2 Bg7 6. Nb3 d6 7. O-O h5 8. h4
Nf6 9. Nc3 O-O 10. e4 Bg4 11. f3 Qb6+ 12. Kh2 Be6 13. Re1 Ne5 14. Be3 Qc7 15.
Nb5 Qd7 16. N5d4 Nc4 17. Bc1 b5 18. c3 Qb7 19. Bg5 Bd7 20. Qe2 e5 21. Nc2 Nxb2
22. Ne3 Be6 23. Qxb2 Nh7 24. Nd5 Nxg5 25. hxg5 Bxd5 26. exd5 a5 27. Nd2 b4 28.
Ne4 Qe7 29. cxb4 axb4 30. Qxb4 Rfb8 31. Qxd6 Qxd6 32. Nxd6 Rb2 33. Nc4 Rc2 34.
Ne3 Rd2 35. Kg1 Bf8 36. Rec1 Ba3 37. Rd1 Bc5 38. Rxd2 Bxe3+ 39. Kf1 Bd4 40. Rb1 1-0

[Event "Titled Tue 27th May Early"]
[Site "chess.com INT"]
[Date "2025.05.27"]
[Round "6"]
[White "Joseph Benher, Savio"]
[Black "Gabrielian, Artur"]
[Result "0-1"]
[BlackTitle "GM"]
[WhiteElo "2115"]
[BlackElo "2419"]
[WhiteFideId "2629453"]
[BlackFideId "4131002"]
[EventDate "2025.05.27"]

1. e4 c5 2. Nf3 d6 3. d4 cxd4 4. Nxd4 Nf6 5. Nc3 Nc6 6. f3 e5 7. Nb3 Be7 8. Be3
O-O 9. Qd2 a5 10. Bb5 Be6 11. O-O-O Nb4 12. a3 Qc7 13. Kb1 d5 14. Na4 d4 15. Bg5
Nxc2 16. Bxf6 Bxb3 17. Bxe7 Qxe7 18. Nb6 Ne3 19. Rc1 Rad8 20. Qxa5 Nxg2 21. Rhg1
Nf4 22. Bc4 Bxc4 23. Nxc4 Ne2 24. Nxe5 Nxc1 25. Rxc1 d3 26. Rd1 Qg5 27. Qc3 d2
28. Nc4 b5 29. Nxd2 Rc8 30. Qd3 Rfd8 31. Qe2 Qf4 32. Nf1 Rxd1+ 33. Qxd1 g6 34.
Ka2 Rc1 35. Qe2 b4 36. axb4 Qb8 37. Ne3 Qxb4 38. b3 Qa5+ 0-1

[Event "Titled Tue 27th May Early"]
[Site "chess.com INT"]
[Date "2025.05.27"]
[Round "6"]
[White "Felix, Raphael"]
[Black "Piesik, Piotr"]
[Result "1-0"]
[WhiteTitle "CM"]
[BlackTitle "IM"]
[WhiteElo "2201"]
[BlackElo "2436"]
[WhiteFideId "14339544"]
[BlackFideId "1136194"]
[EventDate "2025.05.27"]

1. e4 g6 2. d4 Bg7 3. Nf3 c6 4. Be2 d6 5. Nc3 Nf6 6. O-O O-O 7. a4 Nbd7 8. h3 e5
9. Be3 Qe7 10. dxe5 dxe5 11. Bc4 Nc5 12. Nd2 Rd8 13. Qe2 Ne6 14. Bxe6 Bxe6 15.
Nc4 Qb4 16. Nxe5 Qxb2 17. Bd2 Nxe4 18. Nxe4 Bxe5 19. Bg5 Rd5 20. Rab1 Qd4 21.
Rfd1 Qxa4 22. Nf6+ Bxf6 23. Bxf6 Rxd1+ 24. Rxd1 Qf4 25. Be5 Qc4 26. Qd2 Qc5 27.
Qg5 Qxc2 28. Rd8+ 1-0

[Event "Titled Tue 27th May Early"]
[Site "chess.com INT"]
[Date "2025.05.27"]
[Round "6"]
[White "Karpenko, Anton"]
[Black "Ivashentseva, Dominika"]
[Result "1-0"]
[WhiteTitle "CM"]
[BlackTitle "WCM"]
[WhiteElo "2218"]
[BlackElo "1921"]
[WhiteFideId "34374353"]
[BlackFideId "34331050"]
[EventDate "2025.05.27"]

1. e4 c5 2. Nf3 d6 3. d4 cxd4 4. Nxd4 Nf6 5. Nc3 g6 6. Be3 Bg7 7. f3 O-O 8. Qd2
Nc6 9. O-O-O d5 10. exd5 Nxd5 11. Nxc6 bxc6 12. Bd4 e5 13. Bc5 Be6 14. Ne4 Re8
15. Bc4 Nf4 16. Bxe6 Qxd2+ 17. Rxd2 Nxe6 18. Be3 f5 19. Nd6 Red8 20. c3 Rd7 21.
Rhd1 Rad8 22. Nc4 Rxd2 23. Rxd2 Rxd2 24. Kxd2 c5 25. b4 cxb4 26. cxb4 a6 27. a4
Bf8 28. b5 axb5 29. axb5 Bb4+ 30. Kc2 f4 31. Bf2 e4 32. fxe4 g5 33. Kd3 g4 34.
e5 Bc5 35. Bxc5 Nxc5+ 36. Kd4 Ne6+ 37. Ke4 Kf7 38. b6 Kg6 39. Na5 Nc5+ 40. Kxf4
h5 41. b7 Nd7 42. Nc6 1-0

[Event "Titled Tue 27th May Early"]
[Site "chess.com INT"]
[Date "2025.05.27"]
[Round "6"]
[White "Yevchenko, Oleksandr"]
[Black "Osiecki, Stanislaw"]
[Result "1-0"]
[WhiteTitle "CM"]
[BlackTitle "FM"]
[WhiteElo "2276"]
[BlackElo "1944"]
[WhiteFideId "14108267"]
[BlackFideId "1102990"]
[EventDate "2025.05.27"]

1. c4 Nf6 2. Nc3 g6 3. d4 d6 4. e4 Bg7 5. h3 O-O 6. Be3 e5 7. d5 a5 8. Nge2 Ne8
9. g4 f5 10. gxf5 gxf5 11. exf5 Bxf5 12. Ng3 Qh4 13. Bd3 Bxd3 14. Qxd3 Na6 15.
O-O-O Nc5 16. Bxc5 dxc5 17. Nge4 b6 18. Rhg1 Kh8 19. Rg4 Qh6+ 20. Kb1 Nf6 21.
Nxf6 Rxf6 22. Ne4 Rg6 23. Rdg1 Rxg4 24. Rxg4 Rf8 25. a3 Rf4 26. d6 cxd6 27. Nxd6
Qf6 28. Ne8 e4 29. Nxf6 exd3 30. Rxf4 Bh6 31. Rf3 d2 32. Kc2 1-0

[Event "Titled Tue 27th May Early"]
[Site "chess.com INT"]
[Date "2025.05.27"]
[Round "6"]
[White "Sabatier, Mathis"]
[Black "Newansa, M Esandi"]
[Result "0-1"]
[WhiteTitle "CM"]
[BlackTitle "WCM"]
[WhiteElo "2235"]
[BlackElo "1947"]
[WhiteFideId "26029685"]
[BlackFideId "9999060"]
[EventDate "2025.05.27"]

1. e4 c6 2. Nf3 d5 3. exd5 cxd5 4. d4 Nc6 5. c3 Bg4 6. h3 Bh5 7. Be2 e6 8. O-O
Bd6 9. Nbd2 Nge7 10. Re1 O-O 11. Nf1 Qd7 12. Ne5 Bxe5 13. Bxh5 Bc7 14. Bf3 Qd6
15. g3 Ng6 16. Bg2 f5 17. Qf3 f4 18. Qg4 Rae8 19. h4 fxg3 20. fxg3 Nd8 21. h5
Ne7 22. h6 g6 23. Bf4 Qd7 24. Nd2 Bxf4 25. gxf4 Qd6 26. Re5 Nf5 27. Rae1 Nxh6
28. Qh3 Nhf7 29. R5e3 Qxf4 30. Nf3 Ng5 31. Nxg5 Qxg5 32. Re5 Qd2 33. Bxd5 Qf2+
34. Kh1 Rf4 35. Bxe6+ Nxe6 36. Rxe6 Rxe6 37. Qxe6+ Kg7 38. Qe5+ Kh6 39. Qe3 Qh4+
40. Kg2 Qg5+ 41. Kh2 Rh4+ 42. Qh3 Qd2+ 0-1

[Event "Titled Tue 27th May Early"]
[Site "chess.com INT"]
[Date "2025.05.27"]
[Round "6"]
[White "Maltsevskaya, Aleksandra"]
[Black "Piddubna, Bozhena"]
[Result "0-1"]
[WhiteTitle "IM"]
[BlackTitle "WFM"]
[WhiteElo "2398"]
[BlackElo "2174"]
[WhiteFideId "24174041"]
[BlackFideId "34109293"]
[EventDate "2025.05.27"]

1. e4 e5 2. Nf3 Nc6 3. Bb5 a6 4. Ba4 Nf6 5. O-O Be7 6. Re1 b5 7. Bb3 d6 8. c3
Na5 9. Bc2 c5 10. d4 exd4 11. cxd4 Bg4 12. d5 Nc4 13. h3 Bh5 14. Nbd2 Nxd2 15.
Bxd2 Nd7 16. g4 Bg6 17. Nh2 Bf6 18. Rb1 h5 19. g5 Bxg5 20. f4 Bh4 21. Rf1 Qe7
22. Nf3 Bg3 23. e5 dxe5 24. Bxg6 fxg6 25. fxe5 Nxe5 26. Nxe5 Bxe5 27. Qc2 Bd4+
28. Kh1 O-O-O 29. Qxg6 Rd6 30. Qf5+ Kb7 31. Bf4 Rf6 32. Qd3 Rhf8 33. d6 Qd7 34.
Qe4+ Qc6 35. Rbe1 Rxf4 36. Rxf4 Rxf4 0-1

[Event "Titled Tue 27th May Early"]
[Site "chess.com INT"]
[Date "2025.05.27"]
[Round "6"]
[White "Akkara, Omer"]
[Black "Shirov, Alexei"]
[Result "0-1"]
[WhiteTitle "CM"]
[BlackTitle "GM"]
[WhiteElo "2036"]
[BlackElo "2620"]
[WhiteFideId "26319802"]
[BlackFideId "2209390"]
[EventDate "2025.05.27"]

1. e4 e6 2. b3 d5 3. Bb2 dxe4 4. Nc3 Nc6 5. Nxe4 f5 6. Qh5+ g6 7. Qd1 e5 8. Nc3
Nf6 9. Be2 Bg7 10. d3 O-O 11. Nf3 Qe7 12. O-O Rd8 13. Qc1 Nd4 14. Re1 c5 15.
Nxd4 exd4 16. Nd1 Bd7 17. Qd2 Re8 18. Bc1 Ng4 19. h3 Bh6 20. f4 Nf6 21. Nf2 Nd5
22. g3 Nc3 23. Kf1 Bc6 24. Bb2 Nxe2 25. Rxe2 Bg2+ 26. Ke1 Qd6 27. Nd1 Qd5 28.
Nf2 Qf3 29. c3 Qxg3 0-1

[Event "Titled Tue 27th May Early"]
[Site "chess.com INT"]
[Date "2025.05.27"]
[Round "6"]
[White "Deveci, Huseyin Said"]
[Black "Kodithuwakku, K K Dinujaya"]
[Result "1-0"]
[WhiteTitle "CM"]
[BlackTitle "CM"]
[WhiteElo "2212"]
[BlackElo "2011"]
[WhiteFideId "26322455"]
[BlackFideId "9998845"]
[EventDate "2025.05.27"]

1. c4 g6 2. h4 Bg7 3. h5 b6 4. e4 Bb7 5. d3 d6 6. h6 Bf6 7. Nc3 e5 8. Be3 Bg5 9.
Qd2 Bxe3 10. fxe3 Nc6 11. O-O-O Qg5 12. Nf3 Qe7 13. Nd5 Qd8 14. d4 Nf6 15. dxe5
Nxe4 16. Qc2 Ng3 17. Nf6+ Kf8 18. Rh3 Nxf1 19. Rxf1 Nxe5 20. Nxe5 dxe5 21. Nxh7+
Rxh7 22. Qxg6 Bxg2 23. Qxg2 Qd3 24. Qxa8+ Ke7 25. Rd1 Qxc4+ 26. Kb1 Kf6 27. Qd8+
Kf5 28. Rh5+ Ke6 29. Qe8+ Kf6 30. Qxe5+ Kg6 31. Qg5# 1-0

[Event "Titled Tue 27th May Early"]
[Site "chess.com INT"]
[Date "2025.05.27"]
[Round "6"]
[White "Zhukovskyi, Oleksandr"]
[Black "Nakonechnyi, Oleksii"]
[Result "0-1"]
[WhiteTitle "CM"]
[BlackTitle "CM"]
[WhiteElo "2153"]
[BlackElo "2224"]
[WhiteFideId "14169371"]
[BlackFideId "34173714"]
[EventDate "2025.05.27"]

1. e4 c5 2. Nf3 e6 3. c4 Nc6 4. d4 cxd4 5. Nxd4 Nf6 6. Nc3 Bb4 7. Nxc6 bxc6 8.
Bd3 Qc7 9. O-O O-O 10. Na4 c5 11. Be3 d6 12. Rc1 Bb7 13. f3 Ba5 14. Qe2 Nd7 15.
Rfd1 Bc6 16. Nc3 a6 17. f4 Rab8 18. Bf2 Rb7 19. b3 Re8 20. Qh5 Bxc3 21. Rxc3 Nf6
22. Qf3 Qa5 23. Rc2 Rd7 24. Bh4 Qd8 25. Qh3 e5 26. Rf2 Re6 27. Be2 Bxe4 28. Bg4
Nxg4 29. Bxd8 Nxf2 30. Kxf2 Rxd8 31. fxe5 Rxe5 32. Qc3 Re6 33. Qa5 Rde8 34. Qxa6
d5 35. Qb5 d4 36. Qxc5 d3 37. Rd2 Bg6 38. Qa5 h5 39. h4 Re2+ 40. Rxe2 Rxe2+ 41.
Kf3 Be4+ 42. Kf4 d2 43. Qd8+ Kh7 44. c5 Bc2 45. c6 d1=Q 46. c7 Rf2+ 47. Kg3 Qe2
48. c8=Q Rxg2+ 0-1

[Event "Titled Tue 27th May Early"]
[Site "chess.com INT"]
[Date "2025.05.27"]
[Round "6"]
[White "Shevchenko, Yaroslav"]
[Black "Sydoryka, Vladyslav"]
[Result "1-0"]
[BlackTitle "FM"]
[WhiteElo "2137"]
[BlackElo "2224"]
[WhiteFideId "34144684"]
[BlackFideId "14145928"]
[EventDate "2025.05.27"]

1. e4 c6 2. d4 d5 3. Nd2 dxe4 4. Nxe4 Bf5 5. Qf3 Bxe4 6. Qxe4 Nf6 7. Qe3 e6 8.
g3 h5 9. h4 Bd6 10. Bg2 Nbd7 11. Nf3 Qc7 12. c4 Bb4+ 13. Bd2 Bxd2+ 14. Qxd2 O-O
15. O-O Rfe8 16. Rfe1 Rad8 17. Qg5 Qb6 18. b3 Nf8 19. Rad1 N8h7 20. Qf4 Nf8 21.
Ne5 Qa5 22. Bf3 N8h7 23. Bxh5 Re7 24. Bxf7+ Rxf7 25. Nxf7 Kxf7 26. g4 Kg8 27.
Rxe6 Nd7 28. Rde1 Ndf8 29. Re7 Nf6 30. g5 Nh5 31. Qf7+ Kh7 32. Qxh5+ Kg8 33.
Qf7+ Kh7 34. Qxg7# 1-0

[Event "Titled Tue 27th May Early"]
[Site "chess.com INT"]
[Date "2025.05.27"]
[Round "6"]
[White "Kakavand, Ramtin"]
[Black "Khodashenas, Mersad"]
[Result "0-1"]
[WhiteTitle "FM"]
[BlackTitle "IM"]
[WhiteElo "2179"]
[BlackElo "2471"]
[WhiteFideId "32790597"]
[BlackFideId "12514195"]
[EventDate "2025.05.27"]

1. e4 c6 2. d4 d5 3. f3 e6 4. Nc3 Nf6 5. e5 Nfd7 6. f4 c5 7. Nf3 Nc6 8. Be3 a6
9. a3 cxd4 10. Nxd4 Bc5 11. Be2 Qc7 12. b4 Bxd4 13. Bxd4 Nxd4 14. Qxd4 O-O 15.
O-O Qb6 16. Rad1 Qxd4+ 17. Rxd4 b6 18. Rdd1 Bb7 19. Bd3 Rac8 20. Ne2 Ra8 21. Nd4
Rfc8 22. Rfe1 Nb8 23. Kf2 Nc6 24. Nb3 Ne7 25. g4 Bc6 26. Ke3 Bb5 27. Kd2 Rc7 28.
Nd4 Nc6 29. Nxb5 axb5 30. Bxb5 Nd4 31. Be2 Rxa3 32. Rc1 Ra2 33. Bd1 Nb3+ 34. Ke3
Nxc1 0-1

[Event "Titled Tue 27th May Early"]
[Site "chess.com INT"]
[Date "2025.05.27"]
[Round "6"]
[White "Ambrogi, Agustin"]
[Black "Khamdamova, Afruza"]
[Result "0-1"]
[WhiteTitle "FM"]
[BlackTitle "WIM"]
[WhiteElo "2237"]
[BlackElo "2344"]
[WhiteFideId "170933"]
[BlackFideId "14210444"]
[EventDate "2025.05.27"]

1. e4 e5 2. Nf3 Nc6 3. Bc4 Nf6 4. d4 exd4 5. O-O Nxe4 6. Re1 d5 7. Bxd5 Qxd5 8.
Nc3 Qd7 9. Nxe4 Be7 10. Bg5 O-O 11. Bxe7 Qxe7 12. Nxd4 Bd7 13. Nc3 Qc5 14. Nb3
Qf5 15. Qd5 Be6 16. Qxf5 Bxf5 17. Re2 Rad8 18. Rae1 b6 19. a3 a6 20. f3 h6 21.
Kf2 a5 22. a4 Nb4 23. Na1 Rd7 24. Ne4 Rfd8 25. Nb3 c5 26. Nc1 Rd1 27. c3 Rxc1
28. cxb4 Rxe1 29. Kxe1 axb4 30. Ng3 Be6 31. Re5 Ra8 32. f4 Rxa4 33. f5 Bc4 34.
Re8+ Kh7 35. Rb8 Ra2 36. Rxb6 Rxb2 37. Nh5 Re2+ 38. Kd1 Rxg2 39. f6 Be2+ 0-1

[Event "Titled Tue 27th May Early"]
[Site "chess.com INT"]
[Date "2025.05.27"]
[Round "6"]
[White "Modric, Nesa"]
[Black "Veiga, Jose Francisco R P Neves"]
[Result "1-0"]
[WhiteTitle "CM"]
[BlackTitle "IM"]
[WhiteElo "2088"]
[BlackElo "2389"]
[WhiteFideId "922579"]
[BlackFideId "1930087"]
[EventDate "2025.05.27"]

1. d4 g6 2. Nf3 Bg7 3. Bg5 b6 4. Nbd2 Bb7 5. e4 h6 6. Be3 d6 7. c3 a6 8. a4 Nd7
9. h3 Ngf6 10. Bd3 O-O 11. O-O e5 12. Bc2 exd4 13. cxd4 Re8 14. d5 c6 15. Nc4
Nc5 16. dxc6 Bxc6 17. b4 Ncxe4 18. Bxb6 Qe7 19. Re1 Qb7 20. a5 Bd5 21. Ne3 Nc3
22. Qd3 Bxf3 23. Qxc3 Rac8 24. Qb3 Be4 25. Rac1 Bxc2 26. Rxc2 Rxc2 27. Qxc2 Rc8
28. Qd3 d5 29. Rd1 Ne4 30. Qxd5 Qxd5 31. Nxd5 Rc2 32. b5 axb5 33. a6 Ra2 34. a7
Nc3 35. Nxc3 Bxc3 36. Rd8+ Kg7 37. a8=Q 1-0

[Event "Titled Tue 27th May Early"]
[Site "chess.com INT"]
[Date "2025.05.27"]
[Round "6"]
[White "Calvo Gonzalez, Jose Felix"]
[Black "Tan, Jun Ying"]
[Result "1-0"]
[WhiteTitle "CM"]
[BlackTitle "FM"]
[WhiteElo "2168"]
[BlackElo "2414"]
[WhiteFideId "54505615"]
[BlackFideId "5710413"]
[EventDate "2025.05.27"]

1. d4 g6 2. e4 Bg7 3. Nc3 d6 4. Be3 a6 5. h4 Nf6 6. f3 h5 7. Bc4 b5 8. Bb3 Nbd7
9. Nh3 Nb6 10. Qe2 Bxh3 11. Rxh3 Nfd7 12. O-O-O c6 13. g4 a5 14. a4 bxa4 15.
Nxa4 Rb8 16. Qa6 hxg4 17. fxg4 O-O 18. h5 Nxa4 19. Bxa4 Rb6 20. Qe2 Qb8 21. c3
Nf6 22. h6 Bh8 23. h7+ Nxh7 24. Rdh1 Bg7 25. Rxh7 c5 26. Qh2 f5 27. gxf5 cxd4
28. Rxg7+ Kxg7 29. Bxd4+ Kf7 30. Qh7# 1-0

[Event "Titled Tue 27th May Early"]
[Site "chess.com INT"]
[Date "2025.05.27"]
[Round "6"]
[White "Brezis, Ari"]
[Black "Jval Saurin Patel"]
[Result "0-1"]
[WhiteTitle "CM"]
[BlackTitle "FM"]
[WhiteElo "2188"]
[BlackElo "2334"]
[WhiteFideId "2858541"]
[BlackFideId "25968343"]
[EventDate "2025.05.27"]

1. d4 Nf6 2. Nf3 c5 3. e3 e6 4. Be2 b6 5. O-O Bb7 6. c4 Be7 7. Nc3 cxd4 8. exd4
d5 9. Ne5 O-O 10. Bf3 Nc6 11. cxd5 Nxe5 12. dxe5 Nxd5 13. Nxd5 Bxd5 14. Bxd5
Qxd5 15. Qxd5 exd5 16. Be3 Rac8 17. Rac1 Rfd8 18. Rxc8 Rxc8 19. Rc1 Rxc1+ 20.
Bxc1 Bc5 21. Kf1 Kf8 22. Ke2 Ke7 23. f4 Ke6 24. g4 g5 25. f5+ Kxe5 26. Bxg5 Ke4
27. Bd2 d4 28. b4 d3+ 29. Kf1 Be3 30. Ke1 Kf3 31. Bxe3 Kxe3 32. h3 Kf3 33. Kd2
Kg3 34. Kxd3 Kxh3 35. Kc4 Kxg4 36. Kb5 h5 37. Ka6 h4 38. Kxa7 h3 39. Kxb6 h2 40.
a4 h1=Q 41. a5 Qa8 42. a6 Kxf5 43. a7 Ke6 44. b5 f5 45. Ka6 Qc8+ 46. Ka5 Qb7 47.
b6 f4 48. Kb5 f3 49. Kc5 f2 50. Kb5 f1=Q+ 51. Kc5 Qd5+ 52. Kb4 Qfc4+ 53. Ka3
Qb3# 0-1

[Event "Titled Tue 27th May Early"]
[Site "chess.com INT"]
[Date "2025.05.27"]
[Round "6"]
[White "Karvatskyi, Oleksii"]
[Black "Pavlidou, Ekaterini"]
[Result "0-1"]
[WhiteTitle "CM"]
[BlackTitle "WIM"]
[WhiteElo "2248"]
[BlackElo "2198"]
[WhiteFideId "14191059"]
[BlackFideId "4213262"]
[EventDate "2025.05.27"]

1. Nc3 c5 2. Nf3 Nc6 3. d4 cxd4 4. Nxd4 g6 5. h4 h5 6. Ndb5 a6 7. Nd4 Bg7 8.
Nxc6 bxc6 9. e4 d5 10. exd5 cxd5 11. Nxd5 Bb7 12. Bc4 Rc8 13. Bb3 e6 14. Ne3
Qa5+ 15. Bd2 Qc7 16. O-O Bxb2 17. Rb1 Bf6 18. Re1 Ne7 19. Nc4 O-O 20. Bg5 Qc6
21. Ne3 Nf5 22. Bxf6 Nxe3 23. Qf3 Nxg2 24. Qxc6 Bxc6 25. Re5 Nf4 26. Kh2 Bd5 27.
Bg5 Bxb3 28. Bxf4 Bxa2 29. Rg1 Rxc2 30. Rxh5 Rxf2+ 31. Kg3 gxh5 32. Kxf2+ Kh7
33. Bd6 Rg8 34. Ra1 Bc4 35. Be7 Rg4 36. Ra5 Bb5 37. Ra3 Kg6 38. Rf3 0-1

[Event "Titled Tue 27th May Early"]
[Site "chess.com INT"]
[Date "2025.05.27"]
[Round "6"]
[White "Onur, Cigdem"]
[Black "Nugroho, Angel Ruth"]
[Result "0-1"]
[WhiteTitle "WCM"]
[BlackTitle "WCM"]
[WhiteElo "1966"]
[BlackElo "1907"]
[WhiteFideId "6346030"]
[BlackFideId "7111975"]
[EventDate "2025.05.27"]

1. e4 c6 2. d4 d5 3. exd5 cxd5 4. c4 Nf6 5. Nc3 Nc6 6. Bg5 e6 7. Nf3 Be7 8. c5
O-O 9. Bb5 Ne4 10. Bxe7 Nxe7 11. O-O Bd7 12. Bd3 Bc6 13. Ne5 Nxc3 14. bxc3 b6
15. Nxc6 Nxc6 16. Qa4 Qc7 17. Bb5 Ne7 18. cxb6 axb6 19. Qb4 Rfc8 20. Rfc1 Ng6
21. a4 h5 22. h3 Qf4 23. Bd3 Qg5 24. Bxg6 Qxg6 25. Qxb6 Qd3 26. Qb4 Rab8 27. Qa3
Qd2 28. a5 Rb2 29. Rf1 Rxc3 30. Qe7 Rc8 31. a6 Ra2 32. a7 Ra8 33. Rab1 R2xa7 34.
Qh4 g6 35. Qg3 Qxd4 36. Rb8+ Kg7 37. Rfb1 Ra1 38. Kh2 Rxb1 39. Rxa8 Rb2 40. Qa3
Qf4+ 41. Kh1 Rb1+ 42. Qc1 Rxc1# 0-1

[Event "Titled Tue 27th May Early"]
[Site "chess.com INT"]
[Date "2025.05.27"]
[Round "6"]
[White "Vasquez Schroeder, Rodrigo"]
[Black "Azizoglu, Ferzan"]
[Result "1-0"]
[WhiteTitle "GM"]
[WhiteElo "2446"]
[BlackElo "2055"]
[WhiteFideId "3400042"]
[BlackFideId "6302726"]
[EventDate "2025.05.27"]

1. e4 d5 2. exd5 Qxd5 3. Nc3 Qd6 4. d4 c6 5. Bc4 Bf5 6. Nf3 Nf6 7. O-O e6 8. Qe2
Be7 9. Bg5 O-O 10. Bh4 Qc7 11. Rfe1 Nbd7 12. Bb3 Bd6 13. Rad1 a5 14. a3 Nd5 15.
Ne4 Bf4 16. c4 Bxe4 17. Qxe4 N5f6 18. Qe2 b5 19. c5 a4 20. Ba2 Rfe8 21. Bg3 Bxg3
22. hxg3 Rab8 23. Qd2 Qb7 24. Qb4 Qc7 25. Re2 Nf8 26. Rde1 Ng6 27. Bb1 Ne7 28.
Qd2 Ned5 29. Ne5 b4 30. Nc4 bxa3 31. bxa3 Rb3 32. Bc2 Rc3 33. Bd3 Rb8 34. Rc1
Rxc1+ 35. Qxc1 Rb3 36. Ne5 Qb7 37. Re1 Rc3 38. Qb1 Rb3 39. Qa1 g6 40. Bc4 Rb2
41. Nd3 Rd2 42. Rb1 Qa7 43. Ne5 Qa5 44. Nxc6 Qc7 45. Ne5 Kg7 46. Nf3 Rc2 47. Rc1
Rxc1+ 48. Qxc1 Qa5 49. Ne5 Nc3 50. Qe1 Nfd5 51. Bxd5 exd5 52. Nd7 1-0